00724nam a2200205Ia 4500003000900000008004100009040001600050080002500066110003300091245008900124260005000213300000900263500001900272650004300291650001900334650002000353942000700373999001500380952012300395IN-BaIIA211028s9999 xx 000 0 eng d cIIA Library a083.7:621.922.3bISI aIndian Standards Institution 0aIndian standard dimensions for diamond grinding wheelscIndian Standards Institution aNew DelhibIndian Standards Institutionc1965 a14p. aIS 3264 : 1965 aDimond Grinding Wheels-Standards99289 aNASA Thesaurus aStandards98876 cBK c5306d5306 00104070aBANbBANcGENd0000-00-00g7.00l0o083.7:621.922.3/ ISIp5915r2021-11-05v7.00w0000-00-00yBKGRs. 7.00